Evaluación de insecticidas selectivos para el control de Diaphorina citri Kuwayama, (HEMIPTERA: LIVIIDAE)/ (Record no. 220681)
[ view plain ]
| 000 -CABECERA | |
|---|---|
| campo de control de longitud fija | 03559nam a2200349 a 4500 |
| 003 - IDENTIFICADOR DEL NÚMERO DE CONTROL | |
| campo de control | OSt |
| 005 - FECHA Y HORA DE LA ÚLTIMA TRANSACCIÓN | |
| campo de control | 20250813125539.0 |
| 007 - CAMPO FIJO DE DESCRIPCIÓN FÍSICA--INFORMACIÓN GENERAL | |
| campo de control de longitud fija | cr ||||||a|a|a |
| 008 - DATOS DE LONGITUD FIJA--INFORMACIÓN GENERAL | |
| campo de control de longitud fija | 250624s2025 mx a|||fom||| 001 0 spa d |
| 040 ## - FUENTE DE LA CATALOGACIÓN | |
| Normas de descripción | rda |
| 100 1# - ENTRADA PRINCIPAL--NOMBRE DE PERSONA | |
| Nombre de persona | Reséndiz Cabello, Juan Jesús |
| 9 (RLIN) | 190510 |
| 245 10 - MENCIÓN DE TÍTULO | |
| Título | Evaluación de insecticidas selectivos para el control de Diaphorina citri Kuwayama, (HEMIPTERA: LIVIIDAE)/ |
| Mención de responsabilidad, etc. | por Juan Jesús Reséndiz Cabello; director de tesis Candelario Santillán Ortega; secretario Guillermo Mondragón Pedrero; vocal Luis Othón Espinosa Carrillo; suplente Isabel López Arroyo; suplente Roberto Abraham Ocampo Ruíz. |
| 264 #1 - PRODUCCIÓN, PUBLICACIÓN, DISTRIBUCIÓN, FABRICACIÓN Y COPYRIGHT | |
| Producción, publicación, distribución, fabricación y copyright | Chapingo, México : |
| Nombre del de productor, editor, distribuidor, fabricante | El autor, |
| Fecha de producción, publicación, distribución, fabricación o copyright | 2024. |
| 300 ## - DESCRIPCIÓN FÍSICA | |
| Extensión | 1 recurso en línea (57 páginas): |
| Otras características físicas | cuadros, figuras. |
| 336 ## - TIPO DE CONTENIDO | |
| Fuente | rdacontent |
| Término de tipo de contenido | texto |
| Código de tipo de contenido | txt |
| 337 ## - TIPO DE MEDIO | |
| Fuente | rdamedia |
| Nombre/término del tipo de medio | computadora |
| Código del tipo de medio | c |
| 338 ## - TIPO DE SOPORTE | |
| Fuente | rdacarrier |
| Nombre/término del tipo de soporte | recurso en línea |
| Código del tipo de soporte | cr |
| 502 ## - NOTA DE TESIS | |
| Tipo de título | Ingeniero Agrónomo Especialista en Parasitología Agrícola |
| Nombre de la institución que otorga el título | Departamento de Enseñanza, Investigación y Servicio en Parasitología Agrícola, |
| Año de obtención del título | 2024. |
| Información miscelánea | Licenciatura |
| 504 ## - NOTA DE BIBLIOGRAFÍA, ETC. | |
| Nota de bibliografía, etc. | Incluye referencias bibliográficas: páginas 31-40. |
| 520 ## - SUMARIO, ETC. | |
| Sumario, etc. | Los cítricos son un importante cultivo a nivel mundial, sin embargo, su producción se ve limitada por factores bióticos y abióticos. El psílido asiático de los cítricos, Diaphorina citri Kuwayama, es una plaga clave en la citricultura, es el insecto vector asociado al huanglongbing, la peor enfermedad de los cítricos en el mundo. Una de las principales estrategias para su manejo es la aplicación de insecticidas, no obstante, hoy la agricultura demanda productos eficaces, de bajo costo e inocuos para la salud humana y el medio ambiente. Debido a la escasa disponibilidad de este tipo de compuestos, el objetivo del presente estudio fue generar alternativas mediante la evaluación de insecticidas selectivos que cubran con los estándares requeridos. Se evaluó la efectividad biológica de dos insecticidas convencionales selectivos a diferentes dosis sobre Diaphorina citri en árboles de naranjo tardío (Citrus sinensis (L.) Osbeck), establecidas en condiciones de invernadero. En dos experimentos independientes se evaluaron los insecticidas: ciantraniliprol en la dosis 400 mL ha-1, 75, 66 y 50 % de esta cantidad; flupyradifurone en la dosis 750 mL ha-1 y en porcentajes similares al anterior; por cada experimento se incluyó un testigo con aspersión de agua. El flupyradifurone destacó al causar el 100 % de mortalidad de ninfas en un periodo menor que el ciantraniliprol. Ambos insecticidas mantuvieron bajos los porcentajes de infestación de ninfas y adultos por cada unidad experimental, si bien el flupyradifurone presentó mejor comportamiento, los dos compuestos mostraron actividad hasta por un mes después de la aplicación. Los resultados obtenidos indican que las diferentes dosis evaluadas de los insecticidas ciantraniliprol y flupyradifurone son eficaces y económicamente viables para ser utilizados en el control de Diaphorina citri. |
| 650 #7 - PUNTO DE ACCESO ADICIONAL DE MATERIA--TÉRMINO DE MATERIA | |
| Término de materia o nombre geográfico como elemento de entrada | Diaphorina citri |
| Subdivisión general | Control |
| Fuente del encabezamiento o término | |
| 9 (RLIN) | 190778 |
| 650 #7 - PUNTO DE ACCESO ADICIONAL DE MATERIA--TÉRMINO DE MATERIA | |
| Término de materia o nombre geográfico como elemento de entrada | Diaphorina citri |
| Subdivisión general | Control |
| Fuente del encabezamiento o término | |
| 9 (RLIN) | 190778 |
| 650 #4 - PUNTO DE ACCESO ADICIONAL DE MATERIA--TÉRMINO DE MATERIA | |
| Término de materia o nombre geográfico como elemento de entrada | Insecticidas |
| Subdivisión general | Análisis |
| 9 (RLIN) | 58856 |
| 650 #4 - PUNTO DE ACCESO ADICIONAL DE MATERIA--TÉRMINO DE MATERIA | |
| Término de materia o nombre geográfico como elemento de entrada | Cítricos |
| Subdivisión general | Plagas |
| 9 (RLIN) | 24458 |
| 700 1# - PUNTO DE ACCESO ADICIONAL--NOMBRE DE PERSONA | |
| Nombre de persona | Santillán Ortega, Candelario |
| Término indicativo de función/relación | director de tesis. |
| 9 (RLIN) | 102429 |
| 700 1# - PUNTO DE ACCESO ADICIONAL--NOMBRE DE PERSONA | |
| Nombre de persona | Mondragón Pedrero, Guillermo |
| 9 (RLIN) | 77486 |
| Término indicativo de función/relación | secretario. |
| 700 1# - PUNTO DE ACCESO ADICIONAL--NOMBRE DE PERSONA | |
| Nombre de persona | Espinosa Carrillo, Luis Othón |
| 9 (RLIN) | 37903 |
| Término indicativo de función/relación | vocal. |
| 700 1# - PUNTO DE ACCESO ADICIONAL--NOMBRE DE PERSONA | |
| Nombre de persona | Lopéz Arroyo, J. Isabel |
| 9 (RLIN) | 164742 |
| Término indicativo de función/relación | suplente. |
| 700 1# - PUNTO DE ACCESO ADICIONAL--NOMBRE DE PERSONA | |
| Nombre de persona | Ocampo Ruiz, Roberto Abraham |
| Término indicativo de función/relación | suplente. |
| 9 (RLIN) | 82612 |
| 856 ## - LOCALIZACIÓN Y ACCESO ELECTRÓNICOS | |
| Identificador Uniforme del Recurso | http://10.13.5.2/tesis/tl/1712204-1_RESENDIZ_CABELLO_JUANJESUS.pdf |
| Nota pública | DESCARGAR PDF |
| 942 ## - ELEMENTOS DE PUNTO DE ACCESO ADICIONAL (KOHA) | |
| Fuente del sistema de clasificación o colocación | Clasificación Universidad Autónoma Chapingo |
| Tipo de ítem Koha | Tesis digital |
| Estado de retiro | Estado de pérdida | Fuente del sistema de clasificación o colocación | Estado dañado | Restricciones de uso | No para préstamo | Código de colección | Localización permanente | Ubicación/localización actual | Ubicación en estantería | Fecha de adquisición | Total de préstamos | Signatura topográfica completa | Fecha visto por última vez | Precio válido a partir de | Tipo de ítem Koha |
|---|---|---|---|---|---|---|---|---|---|---|---|---|---|---|---|
| Clasificación Universidad Autónoma de Chapingo | Préstamo interno | Tesis digitales de Licenciatura | Biblioteca Digital | Biblioteca Digital | En línea | 24/06/2025 | Tesis digital | 24/06/2025 | 24/06/2025 | Tesis digital |
